ბათუმის შოთა რუსთაველის სახელმწიფო უნივერსიტეტის ბიბლიოთეკა

ქლუხორი და ახალხევი (1943-1957) (Клухори и Ахалхеви) : (ბიბ.ჩანაწერი № 50870)

000 -ლიდერი
ფიქსირებული სიგრძის საკონტროლო ველი 01560nam a2200265Ia 4500
001 - საკონტროლო ნომერი
საკონტროლო ველი 17825
003 - საკონტროლო ნომრის იდენტიფიკატორი
საკონტროლო ველი GE_BSU
005 - ბოლო ოპერაციის თარიღი და დრო
საკონტროლო ველი 20200226100133.0
008 - ფიქსირებული სიგრძის მონაცემთა ელემენტები - ზოგადი ინფორმაცია
ფიქსირებული სიგრძის საკონტროლო ველი 181216s2015ge xx |||||||||||||| ||geo||
020 ## - წიგნის საერთაშორისო სტანდარტული ნომერი
International Standard Book Number 978994193823
040 ## - კატალოგიზაციის წყარო
Transcribing agency GE_BSU
041 ## - ენის კოდი
Language code of text/sound track or separate title geo
080 ## - უნივერსალური ათობითი კლასიფიკაციის ინდექსი
Universal Decimal Classification number 94(479.22)(093) გ-97
100 ## - მთავარი ჩანაწერი - პიროვნების სახელი
Personal name გურული, ვ..
9 (RLIN) 3392
245 ## - ცნობა სათაურის შესახებ
Title ქლუხორი და ახალხევი (1943-1957) (Клухори и Ахалхеви) :
Remainder of title დოკუმენტები და მასალები (1943-1957) /
Statement of responsibility, etc ვ. გურული ; მ. კვარაცხელია ; რედ. ლევან ჯიქია.
264 ## - წარმოების, გამოცემის, დისტრიბუციის და სხვა ცნობები
გამოცემის, წარმოების, დისტრიბუციის... ადგილი თბილისი :
გამოცემის, წარმოების, დისტრიბუციის... სახელწოდება გამ-ბა "ქართული უნივერსიტეტი,
გამოცემის, წარმოების, დისტრიბუციის... თარიღი 2015.
300 ## - ფიზიკური აღწერა
Extent 180 გვ.;
Other physical details ილ., რუკები
Dimensions 29 სმ.
653 ## - INDEX TERM--UNCONTROLLED
Uncontrolled term დოკუმენტები და მასალები
653 ## - INDEX TERM--UNCONTROLLED
Uncontrolled term ქლუხორი და ახალხევი
653 ## - INDEX TERM--UNCONTROLLED
Uncontrolled term ისტორია
700 ## - ADDED ENTRY--PERSONAL NAME
Personal name კვარაცხელია, მ.
9 (RLIN) 7443
700 ## - ADDED ENTRY--PERSONAL NAME
Personal name ჯიქია, ლევან
Relator term რედაქტორი
9 (RLIN) 7444
710 ## - ADDED ENTRY--CORPORATE NAME
Corporate name or jurisdiction name as entry element საქართველოს საპატრიარქოს წმიდა ანდრია პირველწოდებულის სახ. ქართული უნ-ტი. ჰუმანიტარულ მეცნიერებათა და სამართლის ფაკ-ტი
9 (RLIN) 7445
942 ## - ADDED ENTRY ELEMENTS (KOHA)
Koha item type წიგნი
Source of classification or shelving scheme
ეგზემპლარები
ჩამოწერის სტატუსი დაკარგული ეგზემპლარის სტატუსი კლასიფიკაციის წყარო ან თაროზე გაწყობის სქემა დაზიანების სტატუსი არ გაიცემა მუდმივი მდებარეობა (დაცვის ადგილი) ამჟამინდელი ადგილსამყოფელი თაროზე განთავსების ადგილი შეძენის თარიღი სრული შენახვის შიფრი შტრიხკოდი ბოლო ოპერაციის თარიღი ეგზემპლარის მიმდევრობითი ნომერი (კეტერი?) ფასის ძალაში შესვლის თარიღი ეგზემპლარის სახეობა
          ბათუმის შოთა რუსთაველის სახელმწიფო უნივერსიტეტის მთავარი ბიბლიოთეკა ბათუმის შოთა რუსთაველის სახელმწიფო უნივერსიტეტის მთავარი ბიბლიოთეკა წიგნსაცავი 2018-12-17 94(479.22)(093) გ-97 45700 2018-12-17 45700 2018-12-17 წიგნი